| 000 | 00498nam a22001697a 4500 | ||
|---|---|---|---|
| 005 | 20251108172933.0 | ||
| 008 | 250721s2002 xx 000 0 ara d | ||
| 082 | 1 | 4 | _a616/شام |
| 100 | 1 | _aالشامي، فوزي | |
| 245 | 1 | 0 | _aرفيق الطبيب : مراجعة سريعة و شاملة لأبحاث الطب العام / |
| 250 | _aج2 | ||
| 264 | 1 |
_aدمشق : _bدار الأقصى، _c2002. |
|
| 650 | 1 | 7 | _aالأمراض |
| 650 | 1 | 7 | _aالطب |
| 942 |
_2ddc _cBK |
||
| 999 |
_c92258 _d92258 |
||